000 00557pam a2200193 a 4500
999 _c57401
_d57401
001 2105346
005 20220928152027.0
008 960604s2009 njua 001 0 eng
020 _a9781588748508
041 _aenk
080 _a514.18 S-31
100 _aSchwendau, Mark S.
_98442
245 0 0 _aDescriptive geometry :
_cMark S. Schwendau.
_bin pencil and Pixels /
264 _aChampasing :
_bStipes Publishing,
_c2009.
300 _a455 p. :
_bill. ;
_c28 cm.
653 _aგეომეტრია
653 _aხაზვა
942 _2udc
_cBK